000 01096cam a22002054a 4500
005 20250605164220.0
008 250528s ||||||||||||||||||||||||d
035 _a20643
020 _a72487933
040 _aGR-AtMCL
_bgre
_dGR-AtMCL
_eAACR2
245 1 _aManagerial Economics and Business Strategy / Fourth Edition
250 _a4th
260 _bMcgraw Hill,
_c2003
300 _a580
520 _aIncludes CD-Rom. The Fundamentals of Managerial Economics, Market Forces: Demand and Supply, Quantitative Demand Analysis, The Theory of Individual Behavior, The Production Process and Costs, The Organization of the Firm, The Nature of Industry, Managing in Competitive and Monopolistic and Monopolistically Competitive Markets, Basic Oligopoly Models, Game Theory: Inside Oligopoly, Pricing Strategies for Firms with Market Power, The Economics of Information, Advanced Topics in Business Strategy, A Manager's Guide to Government in the Marketplace, Appendices, Name and Subject Index.
700 1 _aBaye Michael R.
_96605
942 _cBK
999 _c5732
_d5732